Statistics for The Binding of Isaac Consumables

Click here to take the quiz!

General Stats

  • This quiz has been taken 54 times
  • The average score is 86 of 147

Answer Stats

Hint (Description or Effect)Answer% Correct
Where Journey BeginsThe Fool
98%
Challenge me!The Emperor
90%
May your rage bring powerThe Empress
88%
+0.12 speedSpeed Up
85%
-1.00 rangeRange Down
83%
+1.25 rangeRange Up
83%
May the light heal and enlighten youThe Sun
83%
Removes one red heart containerHealth Down
80%
Adds one empty red heart containerHealth Up
80%
+0.15 shot speedShot Speed Up
80%
-0.12 speedSpeed Down
80%
-0.28 tearsTears Down
80%
May you never miss your goalThe Magician
80%
May you find all you have lostThe Moon
80%
-1 luckLuck Down
78%
+1 luckLuck Up
78%
-0.15 shot speedShot Speed Down
78%
+0.28 tearsTears Up
78%
Swaps the values of Isaac's bombs and keysBombs Are Key
75%
Judge lest ye be judgedJudgement
75%
Bringer of calamitySoul of Apollyon
75%
Opens the unopenableSoul of Cain
75%
Reroll... or notSoul of Isaac
75%
Spin the wheel of destinyWheel of Fortune
75%
D6 + D20Dice Shard
73%
Refills every empty red heartsFull Health
73%
Destroys any trinkets held by Isaac and grants their effects permanentlyGulp!
73%
Causes Isaac to grow hairsPuberty
73%
Demon rage!Soul of Azazel
73%
Friends from beyondSoul of Bethany
73%
Chemical warfareSoul of ??? (Blue Baby)
73%
Bound by bloodSoul of Jacob and Esau
73%
Right behind youSoul of Judas
73%
MotherhoodSoul of Lilith
73%
Slay a thousandSoul of Samson
73%
Skeletal protectorSoul of the Forgotten
73%
$$$Soul of the Keeper
73%
Revel in the power of darknessThe Devil
73%
Two prayers for the lostThe Hierophant
73%
May you prosper and be in good healthThe Lovers
73%
May you find what you desireThe Stars
73%
Grants Isaac two soul heartsBalls of Steel
70%
...and ate themI Found Pills
70%
AbundanceJera
70%
Grants a fly orbital, up to 3 maximumPretty Fly
70%
Pixelates the screen and degrades colors for 30 secondsRetro Vision
70%
Embrance chaosSoul of Eden
70%
Life after deathSoul of Lazarus
70%
Leave your body behindSoul of the Lost
70%
Mother is watching youThe High Priestess
70%
Spawns the last pill usedVurp!
70%
VoidBlack Rune
68%
You very own murderSoul of Eve
68%
Give me your love!Soul of Magdalene
68%
Teleports Isaac to a random roomTelepills
68%
Item multiplier2 of Diamonds
65%
Convert allAce of Diamonds
65%
Convert allAce of Spades
65%
Increases one stat and decreases another randomlyExperimental Pill
65%
Spawns a lit bomb behind IsaacExplosive Diarrhea
65%
May nothing stand before youThe Chariot
65%
Destruction brings creationThe Tower
65%
Item multiplier2 of Spades
63%
Convert allAce of Hearts
63%
Deals a full heart of damageBad Trip
63%
Lay waste to all that oppose youDeath
63%
Prevents Isaac from moving and shooting for 2 secondsParalysis
63%
Item multiplier2 of Hearts
60%
Convert allAce of Clubs
60%
Isaac shoots an explosive tears with the Ipecac effectHorf!
60%
Spawns a large yellow pool around IsaacLemon Party
60%
May you see what life has to offerThe Hermit
60%
Item multiplier2 of Clubs
58%
Opens all entrances to the (Super) Secret Room for the current floorI can see forever!
58%
Destroys all poop in the room and spawns a single blue spider under Isaac and on each destroyed poopInfested!
58%
Spawns blue spiders equal to the number of enemies in the roomInfested?
58%
May your future become balancedJustice
58%
Increases Isaac's sizeOne makes you larger
58%
Decreases Isaac's sizeOne makes you small
58%
ChangePerthro
58%
Creates a pool of black creepSomething's wrong...
58%
May your power bring rageStrength
58%
A true ending?Suicide King
58%
Gives "Curse of the Lost"Amnesia
55%
Increases the speed of all enemies, Isaac, and the background music for the duration of the roomI'm Excited!!!
55%
It still glows faintlyRune Shard
55%
Drops one to two Lil' Batteries and fully charges the active item48 Hour Energy
53%
Isaac farts, dealing 5 damage and poisoning enemiesBad Gas
53%
DestructionHagalaz
53%
Charms all enemies in the room for a short period of time.Pheromones
53%
Let go and move onReversed The Fool
53%
Open your eyes and seeThe World
53%
PassageEhwaz
50%
Savor the momentEra Walk
50%
For the duration of the room, taking damage only removes a half heart from Isaac's HPPercs!
50%
<3Queen of Hearts
50%
May nothing walk past youReversed The Chariot
50%
May your love bring protectionReversed The Empress
50%
May your heart shatter to piecesReversed The Lovers
50%
May you remember lost memoriesReversed The Moon
50%
May the darkness swallow all around youReversed The Sun
50%
Something stinks...A Card Against Humanity
48%
ResistanceAlgiz
48%
CompanionshipBerkano
48%
???Blank Rune
48%
Sets Isaac's red heart health to 1, and spawns 1-4 red heartsHematemesis
48%
Applies the "Stop Watch" effect for the duration of the roomI'm Drowsy...
48%
Similar to "The Gamekid" item.Power Pill!
48%
May you find a worthy opponentReversed The Emperor
48%
Draw 3 cardsAncient Recall
45%
Temporarity makes Isaac invincibleFeels like I'm walking on sunshine!
45%
Spawns three blue fliesFriends Till The End!
45%
Open sesameGet out of Jail Free Card
45%
Two prayers for the forgottenReversed The Hierophant
45%
RunReversed The High Priestess
45%
Tears are shot diagonally outwards for 30 secondsR U a Wizard?
45%
May you find enlightenmentThe Hanged Man
45%
AgainWild Card
45%
For the duration of the room, taking damage removes a full heart from Isaac's HPAddicted!
43%
Charge it!Credit Card
43%
May no harm come to youReversed The Magician
43%
Creation brings destructionReversed The Tower
43%
May you be pure in heartTemperance
43%
Creates a pool of brown creepX-Lax
43%
???Joker
40%
Bask in the light of your mercyReversed The Devil
40%
May you see the value of all things in lifeReversed The Hermit
40%
May your loss bring fortuneReversed The Stars
40%
Throw the dice of fateReversed Wheel of Fortune
40%
???Chaos Card
38%
Become immense!Huge Growth
38%
May you redeem those found wantingReversed Judgement
38%
May your sins come back to torment youReversed Justice
38%
Step into the abyssReversed The World
38%
VisionAnsuz
35%
You feel protectedHoly Card
35%
DagazPurity
35%
May life spring forth from the fallenReversed Death
35%
May you break their resolveReversed Strength
35%
???Rules Card
35%
Help from aboveEmergency Contact
33%
Spawns Poop at Isaac's position for a few seconds.Re-Lax
33%
Double active? (Question) Card
30%
May your hunger be satiatedReversed Temperance
30%
May your greed know no boundsReversed The Hanged Man
30%
???Cracked Key
25%
Gives "Curse of the Maze"??? (Question Question Question)
18%

Score Distribution

Percentile by Number Answered

Percent of People with Each Score

Your Score History

You have not taken this quiz